000 00671nam a2200217Ia 4500
001 10778
003 GE_BSU
008 181216s||||||||xx |||||||||||||| ||und||
040 _cGE_BSU
080 _a821.353.1-31
100 _aქარჩხაძე,ჯემალ.
245 _aქარავანი.
245 _bრომანი.
245 _cრედ.ლ.თურმანიძე; ლ.არაბიძე; მხატვ.რ.კონდახსაზოვი.
260 _aთბილისი.
260 _bმერანი.
260 _c1984.
300 _a528გვ;20სმ.
653 _aქარავანი.
942 _cBK
999 _c44027
_d44027